000
00269nam a22001217a 4500
008
170914b xxu||||| |||| 00| 0 eng d
041
_a
eng
080
_2
6TH
_a
7
100
_a
44
101
_a
ART
245
_a
MASTERPIECES OF THE DRAMA
_c
ALLISON,A.W
942
_2
udc
_c
BK
999
_c
27586
_d
27586